000
00327nam a22001457a 4500
003
SGT
020
_a
9789391208837
082
_a
615.321
_b
DOH
100
_a
DOHARE SNEH LATA
245
_a
A TEXTBOOK OF PHARMACOGNOSY
260
_a
INDIA
_b
IP PUB
_c
2023
300
_a
145
650
_a
PHARMACOGNOSY
942
_2
ddc
_c
BK
999
_c
34254
_d
34254